| Поле | Инд. | ПП | Название | Значение |
|---|---|---|---|---|
| Тип записи | a | |||
| Библиографический уровень | b | |||
| 001 | Контрольный номер | RU/IS/BASE/321557125 | ||
| 005 | Дата корректировки | 20200630193303.5 | ||
| 008 | Кодируемые данные | 20100310 | ||
| 040 | b | Код языка каталог. | rus | |
| e | Правила каталог. | PSBO | ||
| 041 | 0_ | a | Код языка текста | rus |
| 084 | a | Индекс другой классификации/Индекс ББК | 60.561.3; 66.3(4Бел),12; 66.06 | |
| 100 | 1_ | a | Автор | Бирюков С. В. |
| q | Полное имя | Бирюков Сергей Владимирович | ||
| 245 | 10 | a | Заглавие | Бельгийский федерализм как модель кризиса европейского федерализма |
| 504 | a | Библиография | Библиогр.: с. 36 - 37 | |
| 520 | 0_ | a | Аннотация | По мнению автора, бельгийский федерализм как политическая модель, сложившаяся в 1980 - 1990 гг., исчерпал себя по этнокультурным, социально-экономическим и политическим причинам. Дальнейшие преобразования в направлении децентрализации могут привести к демонтажу Бельгии как единого государства |
| 650 | 14 | a | Основная рубрика | внутренняя политика |
| a | Основная рубрика | политика | ||
| a | Основная рубрика | политическая социология | ||
| a | Основная рубрика | политология | ||
| a | Основная рубрика | социология | ||
| 653 | 1_ | a | Ключевые слова | Бельгия |
| a | Ключевые слова | Валлония | ||
| a | Ключевые слова | европейский федерализм | ||
| a | Ключевые слова | история | ||
| a | Ключевые слова | политическая ситуация | ||
| a | Ключевые слова | политические партии | ||
| a | Ключевые слова | социально-экономическое положение | ||
| a | Ключевые слова | федерализм | ||
| a | Ключевые слова | федеративное государство | ||
| a | Ключевые слова | Фландрия | ||
| a | Ключевые слова | прикладная политология | ||
| 773 | 08 | t | Заглавие источника | Вестник Московского университета. Серия 18, Социология и политология |
| d | Дата издания источника | 2009 | ||
| g | Прочая информация | № 4. - С. 21 - 37 | ||
| w | Контрольный № источника | RU/IS/BASE/317399284 | ||
| 901 | t | Тип документа | b |